00515nam a2200181 a 450000100060000000300090000600800410001502000150005604000280007108200160009910000180011524500580013326000430019130000110023465000180024565000350026365000350029816839CO-ViMGA141112s2004 ck r 000 u spa d a8425419832 aCO-ViMGAbspacCO-ViMGA04a303.4 W145s1 aWagner, Peter10aSociología de la modernidad . Libertad y disciplina aBarcelona (España), cHerder, c1997 a366.p.14aCAMBIO SOCIAL14aMODERNIDAD - ASPECTOS SOCIALES14aSOCIOLOGIA - InvestigaciónES